| 000 | 00664cab a2200229 4500 | ||
|---|---|---|---|
| 001 | ABS54352 | ||
| 008 | 090401t1996 xxu||||| |||| 00| 0 eng d | ||
| 035 | _a(Sirsi) u9932 | ||
| 041 | _aeng | ||
| 100 | _aKirkwood, J. | ||
| 245 | _aEstateman for Windows | ||
| 260 | _c1996 | ||
| 350 | _a0 | ||
| 490 |
_aEstates Gazette _v(9605) 3 February 1996, 66-68(3) |
||
| 520 | _aReviews `Estateman for Windows` property management software package. | ||
| 650 | _aESTATEMAN FOR WINDOWS | ||
| 650 |
_aProperty management _96262 |
||
| 650 | _aSOFTWARE PACKAGES | ||
| 690 | _aMANAGEMENT-BUSINESS MANAGEMENT-INFORMATION MANAGEMENT | ||
| 942 | _n0 | ||
| 948 | _c04/03/1997 | ||
| 999 |
_c6249 _d6249 |
||